Vista normal
Vista MARC
Entrada Topical Term
Número de registros utilizados en: 1
001 - CONTROL NUMBER
- control field: 66615
003 - CONTROL NUMBER IDENTIFIER
- control field: OSt
005 - DATE AND TIME OF LATEST TRANSACTION
- control field: 20251105160146.0
008 - FIXED-LENGTH DATA ELEMENTS
- fixed length control field: 251105|| aca||aabn | a|a d
040 ## - CATALOGING SOURCE
- Original cataloging agency: OSt
- Transcribing agency: OSt
150 ## - HEADING--TOPICAL TERM
- Topical term or geographic name entry element: Cosmología
- Form subdivision: Teorías
670 ## - SOURCE DATA FOUND
- Source citation: Work cat.: (OSt)59780: Herrera Corral, Gerardo 1963- aut 66613, El Higgs, el universo líquido y el Gran Colisionador de Hadrones /